Datum a čas kvízu
28
Celkem bodů
Celkový počet nahraných bodů na tomto kvízu bez doplňovacích otázek.
1.
Pořadí na kvízu
Konečné umístění týmu na tomto kvízu.
Zaznamenané odpovědi
| # | Otázka | Odpověď | Body | Výsledky |
|---|---|---|---|---|
| 1. | Premiér Petr Fiala začal natáč... | z Kramářovy vily | 1 | |
| 2. | Chorvatská národní banka oznám... | kuna | 1 | |
| 3. | Ve čtvrtek začal již 72. roční... | Berlinale | 0 | |
| 4. | Jedna automobilka mění podobu... | Rolls-Royce | 1 | |
| 5. | NBA zaznamenala minulý týden n... | James Harden | 0 | |
| 6. | Začneme jedním ze základních k... | H = hard (tvrdý), B = black (černý) | 0.5 | |
| 7. | Jak se nazývá kreslicí materiá... | rudka | 0 | |
| 8. | Který španělský malíř žijící v... | Francisco Goya | 1 | |
| 9. | Na obrázku vidíme typ mikrotuž... | verzatilka (versatilka) | 1 | |
| 10. | Firma Koh-i-noor Hardtmuth je... | v Českých Budějovicích | 1 |